Después del imperio : ensayo sobre la descomposicion del sistema norteamericano /

Bibliographic Details
Main Author: Todd, Emmanuel, 1951- (Author)
Other Authors: Sánchez, José Luis (Translator)
Format: Electronic eBook
Language:Spanish
French
Published: Tres Cantos, Madrid, España : Akal, [2012]
Edition:2a edición.
Series:Pensamiento crítico (Akal Editor) ; 12.
Subjects:
Online Access:Digitalia Hispánica

MARC

LEADER 00000nam a2200000 i 4500
001 DIGAKAL0861
003 NyNyDIG
007 cr |||||||||||
008 250122t20122002sp ob 000 0 spa d
006 m o d
035 |a (OCoLC)885405602 
040 |a DGITA  |b eng  |e rda  |e pn  |c DGITA 
020 |a 9788446039686  |q eBook 
020 |z 9788446035015 
041 1 |a spa  |h fre 
043 |a n-us--- 
050 1 4 |a E902 ebook 
082 0 4 |a 327.73  |2 23 
100 1 |a Todd, Emmanuel,  |d 1951-  |e author. 
240 1 0 |a Après l'empire.  |l Spanish  |s (Sánchez) 
245 1 0 |a Después del imperio :  |b ensayo sobre la descomposicion del sistema norteamericano /  |c Emmanuel Todd ; traduccion, José Luis Sánchez-Silva. 
250 |a 2a edición. 
264 1 |a Tres Cantos, Madrid, España :  |b Akal,  |c [2012] 
264 4 |c ©2002 
300 |a 1 online resource. 
336 |a text  |b txt  |2 rdacontent 
337 |a computer  |b c  |2 rdamedia 
338 |a online resource  |b cr  |2 rdacarrier 
347 |a text file  |2 rdaft 
347 |b EPUB 
490 1 |a Akal / Pensamiento crítico ;  |v 12 
504 |a Includes bibliographical references. 
588 0 |a Online resource; title from ePub title page (Digitalia, viewed January 22, 2025) 
651 0 |a United States  |x Foreign relations  |y 2001-2009. 
650 0 |a Geopolitics  |z United States. 
700 1 |a Sánchez, José Luis,  |e translator. 
700 1 |i Translation of:  |a Todd, Emmanuel,  |d 1951-  |t Après l'empire. 
791 2 |a Digitalia (Firm),  |e distributor. 
793 0 |g Digitalia eBook Collection:  |a Akal 
776 0 8 |i Print version:  |a Todd, Emmanuel, 1951-  |s Après l'empire. Spanish (Sánchez).  |t Después del imperio.  |b 2a edición.  |d Tres Cantos, Madrid, España : Akal, [2012]  |z 9788446035015 
830 0 |a Pensamiento crítico (Akal Editor) ;  |v 12. 
856 4 0 |3 Digitalia Hispánica  |u https://www.digitaliapublishing.com/a/158562/ 
910 |a Premium collection: 2025